00485nam a2200169 a 4500008004100000020001800041050001600059100002200075245007400097250001200171260003600183300001500219350001000234650001200244650003100256650002800287150812s1992 ||||||||||||||||| || u a9780133371895 aQP 34.5 Mar aMartini, Frederic10aFundamentals of anatomy and physiology.(2nd ed.)cby Frederic Martini a2nd ed. aNew JerseybPrentice Hallc1992 avii, 623p. a84.99 0aBIOLOGY aHUMAN PHYSIOLOGY--TEXTBOOK aHUMAN ANATOMY--TEXTBOOK